Français de Suisse - Statistiques

Statistiques générales
  • Ce quiz a été pris 81 fois
  • Le résultat moyen est 13 sur 15
Statistiques - réponses
Hint Réponse % Correct
Nonante Quatre-vingt-dix
100%
Roupillon Sieste
97%
S'encoubler Trébucher
96%
Bancomat Distributeur à billets
94%
Signofile Clignotant
93%
Raisinet Groseille
90%
Panosse Serpillère
88%
Natel Téléphone portable
88%
Chiclette Chewing-gum
87%
Batoiller Bavarder
82%
Foehn Sèche-cheveux
82%
Topio Idiot
79%
Roille Averse
78%
Galetas Grenier
78%
Rampon Mâche
61%
Aucun quiz correspondant
Distribution des résultats
% des personnes avec chaque résultat
Percentile par nombre de réponses
Votre historique - résultats
Vous n’avez pas pris ce quiz